Greek, Roman, Egyptian and Norse Gods - Statistics

General Stats
  • This quiz has been taken 153 times
  • The average score is 11 of 20
Answer Stats
Description Mythology Answer % Correct
Sun God Egyptian Ra
85%
God of Thunder Norse Thor
81%
Counterpart of Zeus Roman Jupiter
79%
God of War Roman Mars
79%
God of Wine Greek Dionysus
75%
The All-Father Norse Odin
74%
Counterpart of Hermes Roman Mercury
72%
God of Death Egyptian Anubis
64%
Counterpart of Athena Roman Minerva
57%
God of Death Roman Pluto
57%
God of Fire Greek Hephaestus
56%
Son of Aphrodite Greek Eros
52%
God of Spring Norse Frey
52%
Inventor of Weaving Greek Athena
49%
God of the Desert Egyptian Set
45%
Sister of the God of Spring Norse Freya
39%
God of Thunder's Wife Norse Sif
39%
Godess of the Sky Egyptian Nut
37%
God of the Earth Egyptian Geb
34%
Godess of Poisonous Gas Greek Mefitis
8%
No matching quizzes found
Score Distribution
Percent of People with Each Score
Percentile by Number Answered
Your Score History
You have not taken this quiz